| 000 | 01124nam a22002537a 4500 | ||
|---|---|---|---|
| 005 | 20240627084103.0 | ||
| 008 | 220506s2013 nyua|||gr|||| 00| 0 eng d | ||
| 020 | _a9781447148166 | ||
| 040 |
_aCO-BoUCM _bspa _cDavid Moreno (modificó) _dDavid Moreno (modificó) |
||
| 041 | 0 | _aeng | |
| 100 | 1 |
_9174584 _aJoswig, Michael |
|
| 245 | 1 | 0 |
_aPolyhedral and algebraic methods in computational geometry _cMichael Joswig, Thorsten Theobald |
| 260 |
_aNueva York _bSpringer _c2013 |
||
| 300 |
_ax, 250 páginas _bilustraciones, gráficas |
||
| 490 | 0 | _aUniversitext | |
| 500 | _aBibliografía Básica - Escuela de Ingeniería, Ciencia y Tecnología - Pregrado en Matemáticas Aplicadas y Ciencias de la Computación | ||
| 504 | _aIncluye referencias bibliográficas e índices | ||
| 650 | 1 | 4 |
_916370 _aGeometría computacional _xAlgoritmos geométricos |
| 650 | 1 | 4 |
_aAnálisis geométrico _xModelado geométrico _9181590 |
| 650 | 1 | 4 |
_9174585 _aPolígonos _xEstructuras de datos geométricas |
| 700 | 1 |
_9174586 _aTheobald, Thorsten |
|
| 942 |
_2DEWEY _cLIBRO _a25 _e1 _h516.152 _mJ84p _n0 |
||
| 999 |
_c321102 _d321102 |
||